[Event "It (open)"]
[Site "masterchessopen.com - Mar del Plata (Argentina)"]
[Round "1"]
[White "Del Rey Diego (ESP)"]
[Black "Bademian Jose (URU)"]
[Result "1-0"]
[WhiteElo "2371"]
[BlackElo "2173"]

1.d4 Nf6 2.Nf3 e6 3.c4 c5 4.d5 exd5 5.cxd5 d6 6.Nc3 g6 7.e4 Bg7 8.Bg5 O-O
9.Nd2 Re8 10.Be2 Na6 11.O-O Nc7 12.a4 Bd7 13.f4 h6 14.Bh4 Qe7 15.e5 dxe5
16.Nde4 exf4 17.d6 Qe5 18.Bxf6 Bxf6 19.Nxf6+ Qxf6 20.dxc7 Bc6 21.Bf3 Rac8
22.Bxc6 Qxc6 23.Nb5 Rxc7 24.Nxc7 Qxc7 25.Qd2 Re4 26.Rac1 b6 27.Rfe1 Qe5
28.Rxe4 Qxe4 29.b3 g5 30.Re1 Qf5 31.Qc3 Kh7 32.h3 Qd7 33.Qf6 {#r} 1-0

[Event "It"]
[Site "masterchessopen.com - Montevideo (Uruguay)"]
[Round "1"]
[White "Del Rey Diego (ESP)"]
[Black "Ribas Alejandro (URU)"]
[Result "1-0"]
[WhiteElo "2371"]
[BlackElo "2180"]

1.d4 Nf6 2.Nf3 e6 3.c4 c5 4.d5 exd5 5.cxd5 d6 6.Nc3 g6 7.e4 Bg7 8.Bg5 h6 9.Bh4
g5 10.Bg3 Nh5 11.Bb5+ Kf8 12.e5 Nxg3 13.hxg3 dxe5 14.Qd2 a6 15.Ba4 Bg4 16.Qe3
b5 17.Qxc5+ Qe7 18.d6 Qd8 19.Bb3 Nd7 20.Qe3 Bf5 21.O-O Qb6 22.Rad1 Rd8 23.Qe2
Nc5 24.Bc2 Bxc2 25.Qxc2 Rxd6 26.Nd5 Qc6 27.Nb4 Qb6 28.Rxd6 Qxd6 29.Rd1 Qc7
30.Nd5 Qa7 31.Rc1 e4 32.Qxc5+ Qxc5 33.Rxc5 Bxb2 34.Rc8+ Kg7 35.Rxh8 Kxh8
36.Nd2 f5 37.Ne7 e3 38.fxe3 Bc1 39.Nf1 f4 40.gxf4 gxf4 41.Ng6+ Kg7 42.Nxf4 a5
43.Kf2 b4 44.Nd5 Kf7 45.e4 Ke6 46.Nfe3 Ke5 47.Kf3 Kd4 48.Nc2+ Kc4 49.Ke2 Bg5
50.Kf3 Kc5 51.Kg4 Bd2 52.Kf5 Kd6 {#r} 1-0

[Event "Tournament"]
[Site "masterchessopen.com - Netherlands"]
[Round "4"]
[White "Van Esch Sebastian (NED)"]
[Black "De Wit Patricia (NED)"]
[Result "1-0"]
[WhiteElo "2206"]
[BlackElo "2060"]

1.d4 Nf6 2.c4 c5 3.d5 e6 4.Nc3 exd5 5.cxd5 d6 6.e4 g6 7.Nf3 Bg7 8.Bg5 O-O
9.Nd2 a6 10.Be2 b5 11.Qc2 Nbd7 12.O-O h6 13.Bh4 Re8 14.Rae1 g5 15.Bg3 Ne5
16.a4 bxa4 17.Nxa4 Bd7 18.b3 Bb5 19.Nb2 Bxe2 20.Rxe2 Nh5 21.Ndc4 Rb8 22.Bxe5
Bxe5 23.Nxe5 Rxe5 24.Nc4 Re7 25.g3 Nf6 26.Ra1 Ra8 27.f4 g4 28.e5 Nxd5 29.exd6
Rxe2 30.Qxe2 Qf6 31.Ne5 h5 32.Rxa6 Rd8 33.d7 Qe7 34.Qe4 Rxd7 35.Qf5 Ra7
36.Rxa7 Qxa7 37.Qg5+ Kf8 38.Qh6+ Kg8 39.Qg5+ Kf8 40.Qd8+ Kg7 41.Qxd5 c4+
42.Kf1 Qa1+ 43.Ke2 Qb2+ 44.Ke1 Qc3+ 45.Qd2 Qxb3 46.Qd4 Qb1+ 47.Kd2 Qa2+ 48.Ke3
f6 49.Qd7+ Kh6 50.Nf7+ Kg7 51.Ng5+ {#r} 1-0

[Event "It (open)"]
[Site "masterchessopen.com - Palma de Majorca (Spain)"]
[Round "0"]
[White "Sorin Ariel (ARG)"]
[Black "Garcia Palermo Carlos (ITA)"]
[Result "1-0"]
[WhiteElo "2452"]
[BlackElo "2488"]

1.d4 Nf6 2.c4 c5 3.d5 e6 4.Nc3 exd5 5.cxd5 d6 6.e4 g6 7.Nf3 Bg7 8.Bg5 O-O
9.Nd2 h6 10.Bh4 Na6 11.Be2 Nc7 12.a4 Rb8 13.O-O b6 14.f4 Qd7 15.Nc4 b5 16.axb5
Nxb5 17.Nxb5 Qxb5 18.Nxd6 Qxb2 19.Rxa7 Nxe4 20.Nxe4 Bf5 21.Nd6 Bc2 22.Qc1 Bd4+
23.Kh1 Qxc1 24.Rxc1 Be3 25.Rf1 c4 26.Ra3 {#r} 1-0

[Event "It"]
[Site "masterchessopen.com - Beer-Sheva (Israel)"]
[Round "0"]
[White "Mikhalevski Alexander (ISR)"]
[Black "Gurevich Dmitry (USA)"]
[Result "1-0"]
[WhiteElo "2440"]
[BlackElo "2575"]

1.d4 Nf6 2.c4 e6 3.Nf3 c5 4.d5 exd5 5.cxd5 d6 6.Nc3 g6 7.e4 Bg7 8.Bg5 a6 9.Nd2
h6 10.Bh4 b5 11.Be2 Nbd7 12.O-O c4 13.a4 Rb8 14.axb5 axb5 15.b4 g5 16.Bg3 Ne5
17.Ra5 Bd7 18.Qc2 O-O 19.Rfa1 Ne8 20.Nf1 f5 21.exf5 Bxf5 22.Qd2 Nd3 23.R1a3
Nf6 24.Ne3 Ne4 25.Nxe4 Bxe4 26.Bg4 Nf4 27.Bxf4 gxf4 28.Be6+ Kh8 29.Ng4 Qg5
30.Ra7 Bd3 31.h4 Qg6 32.Rc7 h5 33.Raa7 Rg8 34.Bxg8 Rxg8 35.Nh2 Be4 36.f3 Bd3
37.Qxf4 Be5 38.Rh7+ Qxh7 39.Rxh7+ Bxh7 40.Qe3 c3 41.f4 Bg7 42.Nf3 Rc8 43.Nd4
Bg8 44.Nc2 Bxd5 45.Qe2 Kg8 46.Qxb5 Bf7 47.Qd7 Ra8 48.Qxd6 Ra2 49.Qd8+ Kh7
50.Qd3+ Kg8 51.b5 Rb2 52.b6 Bf6 53.Qd6 Bxh4 54.g3 Bxg3 55.Qd8+ Kg7 56.Qg5+ Kf8
57.Qc5+ Ke8 58.Qxc3 Rb1+ 59.Kg2 Bxf4 60.Nb4 Rb3 61.Qd4 Be3 62.Qe5+ {#r} 1-0

[Event "It (open)"]
[Site "masterchessopen.com - Biel (Switzerland)"]
[Round "1"]
[White "Cvitan Ognjen (CRO)"]
[Black "Koenig Wolfgang (GER)"]
[Result "1-0"]
[WhiteElo "2550"]
[BlackElo "2280"]

1.Nf3 Nf6 2.c4 e6 3.d4 c5 4.d5 exd5 5.cxd5 d6 6.Nc3 g6 7.e4 Bg7 8.Bg5 O-O
9.Nd2 b6 10.Be2 a6 11.a4 Ra7 12.O-O h6 13.Bh4 Rb7 14.f4 Qd7 15.Nc4 b5 16.axb5
axb5 17.Nxd6 Qxd6 18.e5 Qb6 19.exf6 c4+ 20.Rf2 Bxf6 21.Bxf6 Qxf6 22.Ne4 Qb6
23.Qd2 Bf5 24.Ng3 Bd7 25.f5 Bxf5 26.Qxh6 Bd3 27.Bxd3 cxd3 28.Ne4 f5 29.Ng5 Rf6
30.Re1 Qd8 31.Rd2 Re7 32.Red1 Qxd5 33.Rxd3 Qc5+ 34.Kh1 Nd7 35.Rh3 {#r} 1-0

[Event "It (open)"]
[Site "masterchessopen.com - Eisenberg (Germany)"]
[Round "0"]
[White "Kuehn Bodo"]
[Black "Wolff H"]
[Result "1-0"]
[WhiteElo "1657"]
[BlackElo "2000"]

1.d4 Nf6 2.c4 e6 3.Nf3 c5 4.d5 d6 5.Nc3 exd5 6.cxd5 g6 7.e4 Bg7 8.Bg5 h6 9.Bh4
g5 10.Bg3 Nxe4 11.Qa4+ Bd7 12.Qxe4+ Qe7 13.Qxe7+ Kxe7 14.h3 f5 15.Bh2 b5
16.Nxb5 Bxb5 17.Bxb5 Bxb2 18.Rb1 Bc3+ 19.Kd1 f4 20.g3 Rf8 21.gxf4 gxf4 22.Nh4
Rf7 23.Bxf4 Nd7 24.Bg3 Rb8 25.Kc2 Bd4 26.Rhf1 Nb6 27.Bd3 Rc8 28.Nf5+ Rxf5
29.Bxf5 Rf8 30.Bd3 Rf3 31.Rb3 Rf8 32.Be4 c4 33.Ra3 Nd7 34.f4 Rg8 35.Bh4+ Kf7
36.Ra4 Rc8 37.Bf5 Rc7 38.Bxd7 Rxd7 39.Rxc4 Bg7 40.f5 Be5 41.f6 Rb7 42.Rb1 {#r}
1-0

[Event "Ch Macedonia"]
[Site "masterchessopen.com - Macedonia"]
[Round "4"]
[White "Andonovski Ljubisa (MKD)"]
[Black "Stamenkov Vanco (MKD)"]
[Result "0-1"]
[WhiteElo "2303"]
[BlackElo "2334"]

1.d4 Nf6 2.c4 e6 3.Nc3 c5 4.d5 exd5 5.cxd5 d6 6.e4 g6 7.Nf3 Bg7 8.Bg5 O-O
9.Nd2 h6 10.Bh4 Re8 11.Be2 Nbd7 12.O-O a6 13.a4 Qc7 14.Qc2 g5 15.Bg3 Ne5
16.Rae1 Nfd7 17.Nd1 Nf8 18.f4 gxf4 19.Bxf4 Nfg6 20.Bg3 Qe7 21.Ne3 Bf6 22.Nf5
Bxf5 23.exf5 Nf8 24.Bf4 Kh7 25.Ne4 Nfd7 26.Qd2 Qf8 27.Bd1 b5 28.Bc2 Nc4
29.Nxf6+ Nxf6 30.Qc3 Rxe1 31.Rxe1 Re8 32.Rf1 Ne5 33.Qa5 Nxd5 34.f6+ Ng6 35.Bc1
Nb4 36.Bxg6+ Kxg6 37.axb5 Re2 38.Qa3 axb5 39.Bf4 Kh7 40.Qf3 Re6 41.Bd2 Re5
42.Bc3 Rg5 43.Bxb4 cxb4 44.Qe4+ Kg8 45.Ra1 d5 46.Qe7 Qc8 47.h4 Rg4 48.Qe3 d4
49.Qxh6 Qc6 50.Qd2 Qxf6 51.Qe2 Rxh4 52.Ra8+ Kg7 53.Qe8 Qd6 54.Qg8+ Kf6 55.g3
Rh3 56.Kg2 Rh5 57.Qd8+ Qxd8 58.Rxd8 Ke5 59.Kf3 Rf5+ 60.Ke2 Ke4 61.Rd7 d3+
62.Ke1 Ke3 63.Re7+ Kd4 64.Rc7 Re5+ 65.Kd1 f5 {#R} 0-1

[Event "Ch Hamburg"]
[Site "masterchessopen.com - Hamburg (Germany)"]
[Round "4"]
[White "Dankert Peter (GER)"]
[Black "Pajeken Wolfgang (GER)"]
[Result "1-0"]
[WhiteElo "2214"]
[BlackElo "2315"]

1.d4 Nf6 2.c4 e6 3.Nf3 c5 4.d5 exd5 5.cxd5 d6 6.Nc3 g6 7.Bg5 Bg7 8.e4 h6 9.Bh4
O-O 10.Nd2 a6 11.a4 Qe7 12.Be2 Nbd7 13.O-O g5 14.Bg3 Ne5 15.f4 gxf4 16.Bxf4
Rb8 17.Kh1 Bd7 18.a5 Ne8 19.Nc4 Ng6 20.Bg3 Bb5 21.Ne3 Bd7 22.Bg4 b5 23.Bxd7
Qxd7 24.Nf5 Kh7 25.Qd2 Rd8 26.Nd1 Qc7 27.Nde3 Nf6 28.Nxg7 Nxe4 29.Qc1 Nxg3+
30.hxg3 Kxg7 31.Nf5+ Kf6 32.Qc3+ Ne5 33.Nxd6+ Kg6 34.Qc2+ Kg7 35.Nf5+ Kh7
36.d6 Qd7 37.Rae1 Ng6 38.Qd2 Rh8 39.Kg1 Kg8 40.Qc3 Rh7 {#r} 1-0

[Event "It (open) \"]
[Site "masterchessopen.com - Hungary"]
[Round "6"]
[White "Nagy Kalman (HUN)"]
[Black "Csukerda Attila (HUN)"]
[Result "0-1"]
[WhiteElo "2049"]
[BlackElo "2043"]

1.d4 Nf6 2.c4 c5 3.d5 e6 4.Nc3 exd5 5.cxd5 d6 6.e4 g6 7.Nf3 Bg7 8.Bg5 O-O
9.Qd2 Re8 10.Bd3 a6 11.a4 Qc7 12.O-O Nbd7 13.Rae1 Rb8 14.h3 c4 15.Bc2 b5
16.axb5 axb5 17.Nd4 b4 18.Ncb5 Qc5 19.Nxd6 Qxd6 20.Bf4 Ne5 21.Nc6 Nfd7 22.Nxb8
Qxb8 23.Ba4 Re7 24.Rc1 Ba6 25.Rfd1 Qd6 26.Ra1 Bb7 27.Bb5 Nc5 28.Bh2 Nxe4
29.Qe3 Qc5 30.Qxc5 Nxc5 31.d6 Rd7 32.Bxd7 Nexd7 33.Rac1 Ba6 34.Rc2 Bf6 35.Bf4
Kg7 36.Be3 b3 37.Rcd2 Nd3 38.Ra1 Bb5 39.Ra5 Bc6 40.Rxd3 cxd3 41.Ra3 Bd5 42.Ra7
Be6 43.Bc1 d2 44.Bxd2 Bxb2 45.Rb7 Be5 46.Bc1 Bxd6 47.Kf1 Nc5 48.Bb2+ Kh6
49.Rb6 Nd3 50.Bf6 Be5 51.Bxe5 Nxe5 52.Ke2 Nd7 53.Rb4 Kg7 54.Kd2 Kf6 55.f4 Nc5
56.Ke3 Na6 57.Rb5 Nc7 58.Rb8 Nd5+ 59.Ke4 Nc3+ 60.Kd3 Na4 61.Rb4 b2 {#R} 0-1

[Event "It (open)"]
[Site "masterchessopen.com - Mar del Plata (Argentina)"]
[Round "1"]
[White "Fiorito Fabian (ARG)"]
[Black "Ubeira Enrique (ARG)"]
[Result "1-0"]
[WhiteElo "2445"]
[BlackElo "2022"]

1.d4 Nf6 2.c4 e6 3.Nf3 c5 4.d5 exd5 5.cxd5 d6 6.Nc3 g6 7.e4 Bg7 8.Bg5 O-O
9.Nd2 Re8 10.Be2 b6 11.O-O a6 12.a4 Nbd7 13.f4 Qe7 14.Nc4 h6 15.Bh4 g5 16.fxg5
Nxe4 17.g6 Qxh4 18.gxf7+ Kh7 19.fxe8=Q Ndf6 20.Rxf6 Bf5 21.Qxe4 Bxe4 22.Nxe4
Re8 23.Bd3 Kh8 24.Qf3 {#r} 1-0

[Event "It"]
[Site "masterchessopen.com - Melbourne (Australia)"]
[Round "11"]
[White "Lukey Stephen G (NZL)"]
[Black "Choong Gregory (SIN)"]
[Result "1-0"]
[WhiteElo "2285"]
[BlackElo "2168"]

1.d4 Nf6 2.c4 c5 3.d5 e6 4.Nc3 exd5 5.cxd5 d6 6.e4 g6 7.Nf3 Bg7 8.Bg5 O-O
9.Nd2 Nbd7 10.Be2 a6 11.a4 Rb8 12.O-O h6 13.Bh4 Qe7 14.h3 b6 15.f4 Bb7 16.Bc4
Kh7 17.Qe2 Ra8 18.Rae1 Rfe8 19.e5 Qf8 20.exf6 Rxe2 21.fxg7 Qxg7 22.Rxe2 Nf6
23.Re7 Bc8 24.Nf3 Rb8 25.Ng5+ hxg5 26.fxg5 Bf5 27.gxf6 Qh6 28.Rxf7+ Kg8
29.Rg7+ Kh8 30.Bg3 Rd8 31.Rf4 {#r} 1-0

[Event "Ch Romania (team)"]
[Site "masterchessopen.com - Romania"]
[Round "0"]
[White "Ignat Diana (ROM)"]
[Black "Sasu-Ducsoara Adrian-Florian (ROM)"]
[Result "0-1"]
[WhiteElo "2109"]
[BlackElo "2234"]

1.d4 Nf6 2.c4 c5 3.d5 e6 4.Nc3 exd5 5.cxd5 d6 6.e4 g6 7.Nf3 Bg7 8.Bg5 h6 9.Bh4
a6 10.a4 g5 11.Bg3 Nh5 12.Be2 Nxg3 13.hxg3 O-O 14.Nd2 Nd7 15.Nc4 Qe7 16.Ne3
Nf6 17.Qc2 Re8 18.Bd3 Rb8 19.O-O Bd7 20.Rfe1 b5 21.axb5 axb5 22.Nf5 Bxf5
23.exf5 Qxe1+ 24.Rxe1 Rxe1+ 25.Bf1 Ra8 26.Nb1 Ra1 27.Nd2 c4 28.g4 Rac1 {#R}
0-1

[Event "Ch World (juniors) (under 16)"]
[Site "masterchessopen.com - Szeged (Hungary)"]
[Round "0"]
[White "Banikas Hristos (GRE)"]
[Black "Van Beek Lucien (NED)"]
[Result "1-0"]
[WhiteElo "2300"]
[BlackElo "2333"]

1.d4 Nf6 2.c4 e6 3.Nf3 c5 4.d5 exd5 5.cxd5 d6 6.Nc3 g6 7.e4 Bg7 8.Bg5 h6 9.Bh4
g5 10.Bg3 Nh5 11.Bb5+ Kf8 12.e5 Nxg3 13.fxg3 dxe5 14.O-O a6 15.Bd3 Nd7 16.Nd2
Qe7 17.Nde4 b5 18.Qf3 Rb8 19.Nd1 c4 20.Bc2 Nc5 21.d6 Qa7 22.Qf2 {#r} 1-0

[Event "Extra League 1994/95"]
[Site "masterchessopen.com - Czech Republic"]
[Round "7"]
[White "Spacek Petr (CZE)"]
[Black "Zvolanek Libor (CZE)"]
[Result "1-0"]
[WhiteElo "2400"]
[BlackElo "2240"]

1.d4 Nf6 2.c4 c5 3.d5 e6 4.Nc3 exd5 5.cxd5 d6 6.e4 g6 7.Nf3 Bg7 8.Bg5 O-O
9.Nd2 Na6 10.Be2 Nc7 11.a4 Rb8 12.O-O h6 13.Bh4 g5 14.Bg3 Nfe8 15.Bg4 f5
16.Bxf5 Bxf5 17.exf5 Rxf5 18.Qc2 Rf7 19.Nc4 b5 20.axb5 Nxb5 21.Nxb5 Rxb5
22.Rfe1 Re7 23.Qg6 Qd7 24.h4 gxh4 25.Bxh4 Rf7 26.Rxe8+ Qxe8 27.Nxd6 Rb6
28.Qxf7+ Qxf7 29.Nxf7 Kxf7 30.Rxa7+ Kg6 31.Bg3 Rxb2 32.Rxg7+ {#r} 1-0

[Event "Ch Greece (juniors) (under 16)"]
[Site "masterchessopen.com - Greece"]
[Round "3"]
[White "Argiroudis Stamatis (GRE)"]
[Black "Mastrovasilis Athanasios (GRE)"]
[Result "1-0"]
[WhiteElo "2292"]
[BlackElo "2210"]

1.d4 Nf6 2.Nf3 e6 3.c4 c5 4.d5 exd5 5.cxd5 d6 6.Nc3 g6 7.e4 Bg7 8.Bg5 O-O
9.Nd2 Na6 10.Be2 Nc7 11.O-O Rb8 12.a4 a6 13.a5 Bd7 14.Qb3 b5 15.axb6 Nb5
16.Nxb5 axb5 17.Qg3 Rxb6 18.Ra7 h6 19.Bf4 Qb8 20.Rfa1 Re8 21.h4 Kh7 22.Bf3 h5
23.Ra8 Qxa8 24.Rxa8 Rxa8 25.Bxd6 Ra1+ 26.Kh2 c4 27.e5 Ng4+ 28.Bxg4 Bxg4 29.Ne4
Re1 30.Ng5+ Kg8 31.f3 Rxd6 32.exd6 Rd1 33.fxg4 Rxd5 34.Qf3 Be5+ 35.Kh1 {#r}
1-0

[Event "Ch Germany (juniors) (club) (under 20)"]
[Site "masterchessopen.com - Leipzig (Germany)"]
[Round "4"]
[White "Lytchak Alexander (GER)"]
[Black "Florea Dan (GER)"]
[Result "1-0"]
[WhiteElo "2240"]
[BlackElo "2304"]

1.d4 Nf6 2.c4 e6 3.Nf3 c5 4.d5 exd5 5.cxd5 d6 6.Nc3 g6 7.e4 Bg7 8.Bg5 O-O
9.Nd2 b6 10.Be2 Ba6 11.O-O Bxe2 12.Qxe2 a6 13.f4 Re8 14.Qf3 h6 15.Bh4 Qd7
16.Nc4 Ra7 17.e5 dxe5 18.fxe5 Qg4 19.Bxf6 Qxc4 20.Rae1 Qd4+ 21.Kh1 c4 22.Rd1
Qc5 23.Ne4 Qc7 24.Bxg7 Kxg7 25.Qf6+ Kh7 26.Nd6 Rf8 27.Rd4 b5 28.Nf5 {#r} 1-0

[Event "It (open) \"]
[Site "masterchessopen.com - Leipzig (Germany)"]
[Round "7"]
[White "Spiess Gunter (GER)"]
[Black "Dreckmeier Dirk"]
[Result "1-0"]
[WhiteElo "2415"]
[BlackElo "2000"]

1.d4 Nf6 2.Nf3 c5 3.d5 e6 4.c4 exd5 5.cxd5 d6 6.Nc3 g6 7.e4 Bg7 8.Bg5 h6 9.Bh4
O-O 10.Nd2 Nbd7 11.Be2 a6 12.O-O b5 13.Qc2 c4 14.f4 Qc7 15.Rae1 Re8 16.Kh1 Nc5
17.a3 Bd7 18.Bf3 Nd3 19.e5 Nxe1 20.Rxe1 Bf5 21.Qd1 Nd7 22.g4 Bd3 23.e6 Nc5
24.Rg1 Bxc3 25.bxc3 fxe6 26.dxe6 Nxe6 27.f5 Nf4 28.Bxa8 Be2 29.Qc2 Rxa8 30.Qe4
d5 31.Qd4 Re8 32.Bg3 Re4 33.Qf2 Nh3 34.Bxc7 Nxf2+ 35.Kg2 Nxg4 36.Nxe4 dxe4
37.h3 Bf3+ 38.Kg3 Ne3 39.fxg6 Kg7 40.Be5+ Kxg6 41.Kf2+ Kf5 42.Kxe3 Kxe5 43.Rg6
h5 44.Rxa6 Bd1 {#r} 1-0

[Event "It (open)"]
[Site "masterchessopen.com - Aegina (Greece)"]
[Round "1"]
[White "Grivas Efstratios (GRE)"]
[Black "Halkias Alexandros (GRE)"]
[Result "1-0"]
[WhiteElo "2500"]
[BlackElo "2047"]

1.d4 c5 2.d5 Nf6 3.c4 e6 4.Nc3 exd5 5.cxd5 d6 6.e4 g6 7.Nf3 Bg7 8.Bg5 O-O
9.Nd2 a6 10.a4 h6 11.Bh4 Qc7 12.Be2 Nbd7 13.O-O Ne5 14.f4 Neg4 15.Nc4 h5 16.h3
Nh6 17.Bd3 Ne8 18.f5 Bd4+ 19.Kh1 Bf6 20.Bxf6 Nxf6 21.Qd2 Kg7 22.Qf4 Ne8
23.fxg6 f5 24.Qg5 Nf6 25.Rae1 {#r} 1-0

[Event "Ch Vietnam (team)"]
[Site "masterchessopen.com - Can Tho (Vietnam))"]
[Round "0"]
[White "Tran Ngoc Thach (VIE)"]
[Black "Pham Minh Hoang (VIE)"]
[Result "0-1"]
[WhiteElo "2212"]
[BlackElo "2484"]

1.d4 Nf6 2.c4 c5 3.d5 e6 4.Nc3 exd5 5.cxd5 d6 6.e4 g6 7.Bg5 Bg7 8.Nf3 a6 9.a4
Bg4 10.h3 Bxf3 11.Qxf3 Nbd7 12.Bd3 Ne5 13.Qe2 Nxd3+ 14.Qxd3 O-O 15.Qf3 h6
16.Bh4 g5 17.Bg3 b5 18.axb5 axb5 19.O-O Rxa1 20.Rxa1 Qb6 21.e5 Nd7 22.exd6 b4
23.Nd1 c4 24.Rc1 Qd4 25.Qe2 Nb6 26.d7 Qc5 27.Qe8 Qxd5 28.d8=Q Qxd8 29.Qxd8
Rxd8 30.Bc7 Rxd1+ 31.Rxd1 Na4 32.b3 cxb3 33.Rb1 b2 34.Ba5 Bc3 35.Kf1 Bd2 36.f3
f5 37.g3 Kf7 38.f4 Ke6 39.fxg5 hxg5 40.h4 gxh4 41.gxh4 Kd5 42.h5 Kc4 43.Ke2
Bh6 44.Kd1 Kb3 45.Bxb4 Kxb4 46.Kc2 Ka3 47.Rf1 Ka2 48.Rb1 f4 49.Rf1 Nc3 {#R}
0-1

[Event "Ch Israel"]
[Site "masterchessopen.com - Jerusalem (Israel)"]
[Round "0"]
[White "Mikhalevski Alexander (ISR)"]
[Black "Psakhis Lev (ISR)"]
[Result "0-1"]
[WhiteElo "2460"]
[BlackElo "2590"]

1.d4 Nf6 2.c4 e6 3.Nf3 c5 4.d5 d6 5.Nc3 exd5 6.cxd5 g6 7.e4 Bg7 8.Bg5 h6 (
8...Bg4 9.Qa4+ { ! } 9...Bd7 10.Qb3 Qc7 11.Nd2 { ± } ) ( 8...O-O 9.Nd2 { !? }
9...Nbd7 10.Be2 a6 11.a4 Re8 12.O-O ) 9.Bh4 a6 ( 9...g5 { ?! } 10.Bg3 Nh5
11.Bb5+ { ! } 11...Kf8 12.e5 { ! } 12...a6 13.Be2 Nf4 { !? } 14.Bxf4 gxf4
15.exd6 Bxc3+ 16.bxc3 Qxd6 17.O-O Rg8 18.Nd2 Nd7 { ? } ) 10.Nd2 b5 11.Be2 (
11.a4 b4 12.Ncb1 O-O 13.Bd3 Re8 14.O-O Nbd7 15.Re1 Ne5 16.Bf1 g5 17.Bg3 Ra7
18.Ra2 Rae7 { ? } ) 11...Nbd7 ( 11...O-O 12.Qc2 Nbd7 13.O-O ( 13.a4 b4 14.Nd1
Re8 15.Ne3 { !? } ( 15.O-O Rb8 { !? } 16.f4 Qc7 17.Bf3 a5 18.Ne3 Ba6 { = } ) (
15.f3 g5 16.Bf2 Ne5 17.Ne3 Ng6 18.g3 Rb8 19.O-O b3 { ! } 20.Nxb3 g4 { ! } )
15...b3 { !? } 16.Qb1 Qc7 ( 16...Rb8 17.O-O Rb4 18.f3 Qc7 19.Ndc4 Nh5 20.Be1 {
± } ) 17.O-O Rb8 18.Bg3 Ne5 19.Ra3 ( 19.f4 Neg4 { ? } ) 19...Rb4 20.Rd1 g5 { !
} ) ) ( 11...b4 12.Na4 O-O 13.O-O Bd7 14.a3 Bb5 15.Re1 Nbd7 16.Bg3 Ne8 17.Nc4
{ ? } ) 12.O-O O-O 13.a4 ( 13.Qc2 c4 14.f4 Re8 15.Rae1 Nc5 16.Kh1 Bd7 { = } )
13...b4 14.Ncb1 Re8 15.f4 Qc7 16.Bf3 c4 { N } ( 16...Rb8 17.Qc2 { !? } 17...b3
18.Qc1 { ? } ) 17.e5 c3 ( 17...Nxd5 { ? } 18.Nxc4 { +?? } ) 18.bxc3 bxc3
19.Qc1 { ? } ( 19.exf6 Nxf6 20.Qc1 Qb6+ 21.Bf2 cxd2 22.Qxd2 Qd8 { = } )
19...Nxd5 { ! } ( 19...Qb6+ 20.Bf2 cxd2 21.Qxd2 Qd8 22.exf6 Nxf6 23.Bd4 Bf5
24.Nc3 Rc8 { = } ) 20.Bxd5 Qc5+ 21.Kh1 Qxd5 22.Nxc3 Qe6 23.exd6 ( 23.Nde4 { !?
} 23...dxe5 24.fxe5 ) 23...Bb7 { ! } ( 23...Qxd6 24.Rb1 { ? } ) 24.Rb1 Bc6
25.Nf3 Qxd6 26.Rd1 Qe6 { ? } 27.Nd4 { ?T } 27...Bxd4 28.Rxd4 Qh3 { ! } 29.Nd5
Qxh4 30.Nc7 ( 30.Qxc6 Re1+ ) 30...Bxg2+ ( 30...Bxg2+ 31.Kg1 Re2 { ??+ } ) {#R}
0-1

[Event "It (open)"]
[Site "masterchessopen.com - Minsk (Belarus)"]
[Round "7"]
[White "Smirnov Valerij (BLR)"]
[Black "Totsky Leonid (RUS)"]
[Result "0-1"]
[WhiteElo "2455"]
[BlackElo "2490"]

1.d4 e6 2.c4 c5 3.d5 exd5 4.cxd5 d6 5.Nc3 g6 6.Nf3 Nf6 7.e4 Bg7 8.Bg5 a6 9.Nd2
b5 10.Be2 O-O 11.O-O h6 12.Bh4 Re8 13.Qc2 Nbd7 14.Rae1 g5 15.Bg3 Ne5 16.a4 b4
17.Nd1 Ng6 18.f4 gxf4 19.Bxf4 Nxf4 20.Rxf4 Ra7 21.Ne3 Rae7 22.Ref1 Nh7 23.Bh5
Rf8 24.Ndc4 f5 25.Nxf5 Bxf5 26.Rxf5 Rxf5 27.Rxf5 Bd4+ 28.Kf1 Rg7 29.g3 Qe7
30.Rf4 Nf6 31.Bf3 Rf7 32.Kg2 Kg7 33.Qe2 Nd7 34.Bg4 Ne5 35.Be6 Rxf4 36.gxf4
Nxc4 37.Qg4+ Qg5 38.fxg5 Ne3+ 39.Kf3 Nxg4 40.Bxg4 Bxb2 41.gxh6+ Kxh6 42.Ke2 c4
43.Kd1 b3 44.Be2 c3 45.Bd3 Kg5 46.Bc2 bxc2+ 47.Kxc2 Kf4 {#R} 0-1

[Event "It (open)"]
[Site "masterchessopen.com - Yalta (Ukraine)"]
[Round "5"]
[White "Vasilevich Tatjana (UKR)"]
[Black "Berelovich Aleksandar (GER)"]
[Result "1-0"]
[WhiteElo "2325"]
[BlackElo "2500"]

1.d4 Nf6 2.c4 e6 3.Nc3 c5 4.d5 exd5 5.cxd5 d6 6.Nf3 g6 7.e4 Bg7 8.Bg5 O-O
9.Nd2 h6 10.Bh4 Na6 11.Be2 Nc7 12.O-O a6 13.f4 Qe8 14.a4 Rb8 15.Bf3 b5 16.Re1
Nd7 17.e5 dxe5 18.Nde4 f6 19.Nd6 Qd8 20.fxe5 Nxe5 21.Rxe5 Qxd6 22.Re1 f5
23.Be7 Qf4 24.Bxc5 Re8 25.Rxe8+ Nxe8 26.d6 Nf6 27.Ba7 Rb7 28.Bxb7 Bxb7 29.d7
Nxd7 30.Qxd7 Bxg2 31.Qe8+ Kh7 32.Qe3 Qb4 33.Bc5 Qb3 34.axb5 f4 35.Qf2 Bb7
36.bxa6 Ba8 37.Rc1 Qe6 38.Qxf4 Qc6 39.Ne4 Qxa6 40.Re1 Qc6 41.Qf7 Kh8 42.Rd1
{#r} 1-0

[Event "Oberliga Baden 1996/97"]
[Site "masterchessopen.com - Baden-Wuerttemberg (Germany)"]
[Round "0"]
[White "Weidel Albrecht (GER)"]
[Black "Soelch Helmut (GER)"]
[Result "0-1"]
[WhiteElo "2139"]
[BlackElo "2211"]

1.d4 c5 2.d5 Nf6 3.Nf3 e6 4.c4 exd5 5.cxd5 d6 6.Nc3 g6 7.e4 Bg7 8.Bg5 h6 9.Bh4
O-O 10.Nd2 Na6 11.Be2 Nc7 12.O-O b6 13.f4 Qd7 14.Bf3 Ba6 15.e5 dxe5 16.d6 Qxd6
17.fxe5 Qxe5 18.Re1 Qd4+ 19.Bf2 Qd7 20.Bxa8 Rxa8 21.Nde4 Bd3 22.Nxf6+ Bxf6
23.Qf3 Bg7 24.Rad1 c4 25.Bg3 Rd8 26.Be5 Ne6 27.Bxg7 Kxg7 28.Re5 Qd4+ 29.Qe3
Qxe3+ 30.Rxe3 a6 31.Ne2 Rb8 32.Nc1 Bf5 33.Rd6 a5 34.Ne2 b5 35.Nd4 Nxd4 36.Rxd4
Be6 37.Re5 c3 38.bxc3 Bxa2 39.Rd7 Bc4 40.Ra7 a4 41.Rc5 Re8 42.Rxc4 bxc4 43.Kf2
a3 44.Rxa3 f5 45.Ra6 Re4 46.Rc6 h5 47.Kf3 Kh6 48.Rc7 Kg5 49.Rc6 h4 50.Rc8 Rf4+
51.Ke3 h3 52.g3 Re4+ 53.Kf2 Kg4 54.Rc7 g5 55.Rg7 f4 56.gxf4 Rxf4+ 57.Ke2 Kf5
58.Rh7 g4 59.Rh5+ Kg6 60.Rd5 Rf3 61.Rd4 Rxc3 62.Rxg4+ Kf5 63.Rh4 Ke5 64.Kd2
Rd3+ 65.Kc2 Kd5 66.Rh5+ Kd4 67.Rh4+ Kc5 68.Rh8 Rf3 69.Kd1 Kb4 70.Rh7 Kc3
71.Rh8 Kd3 72.Ke1 Re3+ 73.Kd1 Kc3 74.Rb8 Rd3+ 75.Ke1 Rd2 {#R} 0-1

[Event "It (b)"]
[Site "masterchessopen.com - Beer-Sheva (Israel)"]
[Round "0"]
[White "Rapoport Igor (UKR)"]
[Black "Serebro Alexsandr (UKR)"]
[Result "1-0"]
[WhiteElo "2315"]
[BlackElo "2283"]

1.d4 Nf6 2.c4 e6 3.Nf3 c5 4.d5 exd5 5.cxd5 d6 6.Nc3 g6 7.e4 Bg7 8.Bg5 h6 9.Bh4
g5 10.Bg3 Nh5 11.Bb5+ Kf8 12.e5 Nxg3 13.fxg3 g4 14.Nh4 Bxe5 15.O-O Qg5 16.Bd3
Ke7 17.Bf5 h5 18.Qe2 Qg8 19.Nb5 Nd7 20.Rae1 Kd8 21.b4 a6 22.Na3 b5 23.bxc5
Bd4+ 24.Kh1 Bxc5 25.Nc2 Ne5 26.a4 Qe8 27.Qd2 Kc7 28.Nd4 Bxf5 29.Nhxf5 Qd7
30.Nb3 Bb6 31.Na5 Rae8 32.Rc1+ Bc5 33.axb5 axb5 34.Nb3 Nc4 35.Rxc4 bxc4
36.Nxc5 Qb5 37.Nd4 Qxc5 38.Rxf7+ Kc8 39.Ne6 c3 40.Qa2 {#r} 1-0

[Event "It (open) \"]
[Site "masterchessopen.com - Copenhagen (Denmark)"]
[Round "3"]
[White "Hoi Carsten (DEN)"]
[Black "Ferenc Janusz (POL)"]
[Result "1-0"]
[WhiteElo "2420"]
[BlackElo "2290"]

1.d4 Nf6 2.c4 c5 3.d5 e6 4.Nc3 exd5 5.cxd5 d6 6.e4 g6 7.Nf3 Bg7 8.Bg5 h6 9.Bh4
O-O 10.Nd2 Re8 11.Be2 Na6 12.O-O Nc7 13.a4 b6 14.f4 Qd7 15.Bxf6 Bxf6 16.e5
dxe5 17.Nde4 Bg7 18.d6 f5 19.dxc7 fxe4 20.Bb5 Qxd1 21.Raxd1 Rf8 22.Bc6 Ba6
23.Bxa8 {#r} 1-0

[Event "Oberliga Northwest 1996/97"]
[Site "masterchessopen.com - Germany"]
[Round "0"]
[White "Schubert Thomas (GER)"]
[Black "Olzem Lothar (GER)"]
[Result "1-0"]
[WhiteElo "2352"]
[BlackElo "2153"]

1.d4 Nf6 2.Nf3 e6 3.c4 c5 4.d5 exd5 5.cxd5 d6 6.Nc3 g6 7.e4 Bg7 8.Bg5 h6 9.Bh4
O-O 10.Nd2 Na6 11.Be2 Nc7 12.a4 a6 13.O-O Rb8 14.f4 Qd7 15.a5 Nb5 16.Na4 Nd4
17.Bd3 Qc7 18.Nc3 Bd7 19.Nc4 Bb5 20.e5 Bxc4 21.exf6 Bb3 22.Qd2 Bh8 23.f5 Kh7
24.fxg6+ fxg6 25.Bxg6+ Kxg6 26.Qd3+ Kh5 27.Rf5+ {#r} 1-0